000 00335nam a22001457a 4500
008 230717b ||||| |||| 00| 0 eng d
020 _a9780205483389
041 _aeng
080 _2THIRD EDITION
_a159.9
082 _a159.9BUS
100 _a25
101 _aPSI
245 _aEVOLUTIONARY PSYCHOLOGY
_cBUSS .M .D
942 _2udc
_cBK
999 _c60137
_d60137